Loading...
| Current Events | 4 | 20.00 | 100% | 75% | 25% |
| Fine Arts - Classical Music | 11 | 18.18 | 100% | 73% | 9% |
| Fine Arts - Other Fine Arts | 10 | 18.00 | 100% | 60% | 20% |
| Geography | 4 | 30.00 | 100% | 100% | 100% |
| History - American History | 8 | 20.00 | 100% | 75% | 25% |
| History - European History | 10 | 19.00 | 100% | 50% | 40% |
| History - Other History | 10 | 21.00 | 100% | 80% | 30% |
| History - World History | 10 | 22.00 | 100% | 100% | 20% |
| Literature - American Literature | 6 | 26.67 | 100% | 100% | 67% |
| Literature - British Literature | 5 | 22.00 | 100% | 100% | 20% |
| Literature - European Literature | 10 | 21.00 | 100% | 80% | 30% |
| Literature - World Literature | 8 | 26.25 | 100% | 100% | 63% |
| Mythology | 9 | 27.78 | 100% | 100% | 78% |
| Painting/Sculpture | 8 | 17.50 | 100% | 75% | 0% |
| Philosophy | 8 | 23.75 | 100% | 88% | 50% |
| Pop Culture | 5 | 22.00 | 100% | 80% | 40% |
| Popular Culture | 1 | 10.00 | 100% | 0% | 0% |
| Religion | 10 | 27.00 | 100% | 100% | 70% |
| Science - Biology | 9 | 26.67 | 100% | 100% | 67% |
| Science - Chemistry | 7 | 25.71 | 100% | 100% | 57% |
| Science - Other Science | 8 | 12.50 | 75% | 50% | 0% |
| Science - Physics | 8 | 13.75 | 100% | 25% | 13% |
| Social Science | 7 | 18.57 | 100% | 57% | 29% |